Statystyki dla Smerfny quiz

Kliknij tutaj aby rozwiązać quiz!

Ogólne statystyki

  • Ten quiz został rozwiązany 254 razy
  • Średni wynik to 15 z 45

Statystyki odpowiedzi

Atrybut/OpisImię% Poprawnych
1.Ma 542 lata, niektórzy powiadają, że wygląda na 530.Papa Smerf
100%
3.Długie blond włosy, sukienka, szpilkiSmerfetka
98%
2.OkularyWażniak
90%
10.Kwiatek za uchem, lusterkoLaluś
80%
4.Tatuaż na ramieniuOsiłek
79%
7.„Nie cierpię smerfnych quizów.”Maruda
75%
11.PoduszkaŚpioch
74%
12.Paleta malarska, marynarka, muchaMalarz
66%
9.Wybuchający prezentZgrywus
58%
14.Czapka z daszkiem, ołówek za uchem, spodnie z szelkamiPracuś
56%
8.Czapka nasunięta na oczyCiamajda
55%
5.Czapka kucharska, chustaŁasuch
51%
19.Miara krawieckaKrawiec/Zaszewka
49%
13.PióroPoeta
44%
16.SiekieraDrwal
39%
21.Żółta czapka, żółte spodnie z szelkami, okulary, długa siwa brodaDziadek Smerf
37%
29.Gdy tylko biją na alarm, wyrusza swoim wozem, by gasić ogień.Strażak
37%
20.Smerf o dużej fantazji. Często śni na jawie. Uwielbia podróże w nieznane.Marzyciel
36%
15.MotykaFarmer
33%
24.Rude włosy zawiązane na warkocz, piegi, różowe spodnie z szelkamiSasetka
33%
22.Uwielbia projektować nowoczesne domy.Architekt
32%
28.Najmłodszy ze smerfów, sprawia dużo kłopotów.Smerfuś
31%
6.TrąbkaHarmoniusz
29%
18.Świeczka na czapceGórnik
27%
30.Specjalizuje się w pomnikach ku czci smerfów.Rzeźbiarz
21%
35.Smerf, który mieszka poza wioską, w lesie. Ubrany jest w liście na głowie oraz biodrową przepaskę.Dzikus
16%
25.Jeden ze smerfików, czerwona koszulkaGapik
15%
26.Słomkowy kapelusz, brązowe spodnie na szelkiNat
14%
27.Jest ubrany w żółtą koszulkę z obrazkiem chmury i pioruna.Złośnik
13%
31.Nigdy nie ma siły do pracy. Jest wiecznie zakatarzony i nieustannie kicha.Cherlak/Chorowitek
11%
45.Jeździ smerfmobilem, w jednym z odcinków spowodował wypadek samochodowy.Kierowca
11%
32.Chodzi w dziurawych butach i połatanej, krzywo włożonej czapce. Kocha śmieci.Niechluj
10%
34.Boi się wszystkiego, nawet samego strachu.Tchórzasty/Tchórz/Cykor
9%
33.Jest obdarzony wyjątkowymi, typowymi dla zwierząt cechami: ma węch psa tropiącego, dzięki czemu potrafi każdego znaleźć po zapachu. Ma przyczepione do czapki czerwone pióro.Tropiciel
9%
17.Wełniana czapka, apaszkaWełniak
8%
37.Niezależnie od sytuacji, szczęśliwej czy smutnej, zawsze płacze.Mazgaj
7%
41.Nosi okulary podobne do tych, które ma Dziadek. Ubiera się w fioletową sukienkę i różową chustę.Niania Smerf/Smerfowa niania
7%
23.Zielona czapka z daszkiemReporter
7%
42.Wymyślony smerf, nieistniejący naprawdę. Bohater książek przygodowych, czytanych smerfikom na dobranoc. Przedstawiany jako szarmancki bohaterDon Smerfo
6%
44.Stara się naśladować każdego smerfa, którego zobaczy. Robi to aż do momentu pojawienia się kolejnej postaci, którą może naśladować.Dubler
6%
43.Inne smerfy zawsze wykorzystywały go by wykonywał za nie ich praceFrajer
5%
39.Schwytany przez ludzi musiał zostać włamywaczem, zanim zdołał wydostać się z niewoli.Jubiler
5%
38.Nigdy nie umie podjąć decyzji, ciągle się waha.Dumała/Chwiejek
4%
36.Smerf kupiec. Wyróżnia go czapka kupca i medalion na szyi.Marko Smerf
4%
40.Nie zależy mu na wygranej, lecz chce uprawiać wszystkie sporty.Sportsmen
4%

Rozkład punktacji

Percentyl według liczby udzielonych odpowiedzi

Procent ludzi z każdym wynikiem

Twoja historia wyników

Nie rozwiązałeś tego quizu